Finančná analýza a jej praktické využitie

Význam kvalitnej analýzy. Snaha jednotlivca alebo firmy ochrániť svoje financie pred infláciou, ale zároveň mať reálny zisk. Súhrnné vyhodnocovanie - vyhodnotenie konkrétneho podniku, odvetvia, v ktorom podnik pôsobí a celkovej hospodárskej a politickej situácie štátu. Výpočty pomerových ukazovateľo...

Ausführliche Beschreibung

Gespeichert in:
Bibliographische Detailangaben
1. Verfasser: Jánoš, Daniel
Format: Buchkapitel
Sprache:Slowakisch
Schlagworte:
Tags: Tag hinzufügen
Keine Tags, Fügen Sie das erste Tag hinzu!

MARC

LEADER 00000naa a2200000 4500
001 r032792
005 20230921084023.9
041 0 |a slo 
044 |a SK 
245 1 0 |a Finančná analýza a jej praktické využitie  |c Daniel Jánoš 
520 |a Význam kvalitnej analýzy. Snaha jednotlivca alebo firmy ochrániť svoje financie pred infláciou, ale zároveň mať reálny zisk. Súhrnné vyhodnocovanie - vyhodnotenie konkrétneho podniku, odvetvia, v ktorom podnik pôsobí a celkovej hospodárskej a politickej situácie štátu. Výpočty pomerových ukazovateľov. Pre malého investora je výhodné, aby sa o jeho financie starali špecializované spoločnosti, ktoré disponujú dostatočným množstvom informácií. 
610 2 0 |a analýza finančná 
610 2 0 |a papiere cenné 
610 2 0 |a inflácia 
610 2 0 |a zisk 
610 2 0 |a podnik 
610 2 0 |a odvetvia činnosti ekonomickej 
610 2 0 |a situácia hospodárska 
610 2 0 |a politika vnútorná 
610 2 0 |a investovanie 
100 1 |a Jánoš, Daniel